Finančno-ekonomická analýza vybraného podniku diplomová práca

Gespeichert in:
Bibliographische Detailangaben
1. Verfasser: Fedorková, Viktória
Körperschaft: Podnikovohospodárska fakulta EU so sídlom v Košiciach. Katedra kvantitatívnych metód
Weitere Verfasser: Hudák, Matej, 1984-
Format: Buch
Sprache:Slowakisch
Veröffentlicht: Košice 2017
Tags: Tag hinzufügen
Keine Tags, Fügen Sie das erste Tag hinzu!

MARC

LEADER 00000nbm a2200000 4500
001 0231691
005 20171121101726.7
041 0 |a slo 
044 |a SK 
245 1 0 |a Finančno-ekonomická analýza vybraného podniku  |b diplomová práca  |c Viktória Fedorková ; školiteľ: Matej Hudák 
264 1 |a Košice  |c 2017 
300 |a 66 s. 
100 1 |a Fedorková, Viktória 
700 1 |a Hudák, Matej, 1984- 
710 2 |a Podnikovohospodárska fakulta EU so sídlom v Košiciach. Katedra kvantitatívnych metód